Αλκυονίδες μέρες

Αποθηκεύτηκε σε:
Λεπτομέρειες βιβλιογραφικής εγγραφής
Κύριος συγγραφέας: Μουτσάτσου, Αναστασία
Μορφή: CD Ηχητικό
Γλώσσα:Greek
Δημοσίευση: [Αθήνα;] : Music Box International, 2002
Σειρά:Συλλογή δίφωνο ; ; 87
Θέματα:
Ετικέτες: Προσθήκη ετικέτας
Δεν υπάρχουν, Καταχωρήστε ετικέτα πρώτοι!

MARC

LEADER 00000cjm a2200000 i 4500
001 1/54606
007 sd fs gn m ed
008 040513s2002 gr gre d
028 0 1 |a 0166  |b MBI 
035 |l 10073290 
040 |a GR-MY-UA  |b gre  |e aacr 
041 0 |a gre 
082 0 |a 782.42  |2 (21η εκδ.) 
100 1 |a Μουτσάτσου, Αναστασία. 
245 1 0 |a Αλκυονίδες μέρες  |h [ηχογράφηση] /  |c Αναστασία Μουτσάτσου 
260 |a [Αθήνα;] :   |b Music Box International,   |c 2002 
300 |a 1 δίσκος κόμπακτ;  |b ψηφιακός,στέρεο;  |c 4 3/4 ιν. 
490 1 |a Συλλογή δίφωνο  |v ; 87 
500 |a Συνοδευτικό CD του περιδικού Δίφωνο, τεύχους 87 
505 0 |a 1.Το λιμάνι--2. όλα τα δύσκολα--3. Φίλα με--4.Έρημη πόλη--5. Ο κύκλος της αγάπης--6. Κράτα καλό λογαριασμό--7. Πίνω,πίνω--8. Ποιος καημός--9. Φιλί,φιλάκι--10. Πονεμένη καρδιά--11. Μπαρμπούνι--12. Μελιτζάνα--13. Γυναίκες μόνες 
650 0 0 |a Popular music  |z Greece. 
650 0 0 |a Music  |z Greece. 
830 0 |a Συλλογή δίφωνο ;  |v ; 87 
852 |a INST  |b LESVOS  |c AV  |e 20040513  |h 782.42 ΜΟΥ  |p 005100028253  |q 005100028253  |t CD  |y 23 
901 |a BIBL1-2004 
909 |a Λ  |b 111237 
970 |a ΜΑΡΙΝΑΤΟΥ  |b ΜΥΡΣΙΝΗ  |z 2004/05/13